Business (Record no. 3841)

MARC details
005 - DATE AND TIME OF LATEST TRANSACTION
control field 20250612134653.0
020 ## - INTERNATIONAL STANDARD BOOK NUMBER
International Standard Book Number 978-0-85776-003-6
082 ## - DEWEY DECIMAL CLASSIFICATION NUMBER
Classification number 650 PEA
111 ## - MAIN ENTRY--MEETING NAME
Meeting name or jurisdiction name as entry element EDEXCEL
245 ## - TITLE STATEMENT
Title Business
260 ## - PUBLICATION, DISTRIBUTION, ETC.
Place of publication, distribution, etc. Harlow
Name of publisher, distributor, etc. Pearson Education International
Date of publication, distribution, etc. 2011
300 ## - PHYSICAL DESCRIPTION
Extent 840p.:ill.;charts, pictures
Other physical details Glossary and Index
Dimensions 28 cm
942 ## - ADDED ENTRY ELEMENTS (KOHA)
Source of classification or shelving scheme Dewey Decimal Classification
Koha item type Books
Holdings
Date last seen Total checkouts Full call number Barcode Cost, replacement price Price effective from Koha item type Lost status Source of classification or shelving scheme Damaged status Not for loan Withdrawn status Home library Current library Shelving location Date acquired Source of acquisition Cost, normal purchase price
06/12/2025   650 PEA MZA000862 150000.00 06/12/2025 Books   Dewey Decimal Classification       CBE Mwanza CBE Mwanza General Collection 07/01/2007 Library Budget 50000.00
06/12/2025   650 PEA MZA000859 150000.00 06/12/2025 Books   Dewey Decimal Classification       CBE Mwanza CBE Mwanza General Collection 07/01/2007 Library Budget 50000.00
06/12/2025   650 PEA MZA000860 150000.00 06/12/2025 Books   Dewey Decimal Classification       CBE Mwanza CBE Mwanza General Collection 07/01/2007 Library Budget 50000.00
06/12/2025   650 PEA MZA000861 150000.00 06/12/2025 Books   Dewey Decimal Classification       CBE Mwanza CBE Mwanza General Collection 07/01/2007 Library Budget 50000.00